00798 2200229 4500001002100000005001700021008004100038020001800079035002400097040001200121082001500133084001900148090002300167245013500190260008000325300003300405650003600438650004600474850001200520990001800532990001800550INLIS00000000002367820161028133043.0  a9789793879093 0010-101600000000630 aYOPDYOG a305.899 22 a305.899 22 Ens aBTR 305.899 22 Ens aEnsiklopedia Kebudayaan Melayu RiaubJilid II D-Jc/ Tim Penyususn Pusat Penelitian Kebudayaan dan Kemasyarakatan Universitas Riau aRiaubPusat Penelitian Kebudayaan dan Kemasyarakatan Universitas Riauc2012 axiv, 193 hlm.bilus.c28 cm. aKebudayaan Melayu - Ensiklopedi aRiau - Kehidupan Sosial dan Adat Istiadat aYOPDYOG a52994-PD/A.16 a52993-PD/A.16